000 00875nas a2200277 4500
001 BR9803779
003 BR-BrBNA
005 20231205100839.0
007 ta
008 230509b bl.|||p| |||| 00| 00por d
040 _aBR-BrBNA
_bpor
_cBiblioteca Nacional de Agricultura
041 _a(Pt)
072 _aL72
100 1 _aGomes, A.
100 1 _aKoller, W.W.
100 1 _aSilva, R.L. da
245 1 _aOcorrencia de Haematobia irritans (Diptera: Muscidae)como vetor de Dermatobia hominis (Diptera: Cuterebridae)em Campo Grande, MS
650 _aMosca dos Chifres
650 _aVetor
650 _aBerne
650 _aCerrado
650 _aMato Grosso do Sul
773 0 _tRevista Brasileira de Parasitologia Veterinaria (Brazil)
_xISSN 0103-846X
_g(Feb 1998), v. 7(1) p. 69-70
_wBR9803779
909 _a202311
_bLúcia
_c55
_dLúcia Elande
942 _2AGRIS
_n0
_cANA
999 _c158415
_d158415